Мировая история в свете Святого Грааля (Запись № 10070094)
[ простой вид ]
| 000 -МАРКЕР | |
|---|---|
| контрольное поле | 01799nam0a2200349 i 4500 |
| 001 - ИДЕНТИФИКАТОР ЗАПИСИ | |
| контрольное поле | RU\NLR\BIBL_A\010781384 |
| 005 - ИДЕНТИФИКАТОР ВЕРСИИ | |
| контрольное поле | 20260408202137.0 |
| 010 ## - МЕЖДУНАРОДНЫЙ СТАНДАРТНЫЙ НОМЕР КНИГИ (ISBN) | |
| Номер (ISBN) | 9785946980982 |
| Тираж | 2000 |
| 035 ## - ДРУГИЕ СИСТЕМНЫЕ НОМЕРА | |
| Идентификатор записи | (NLR Aleph) 010781384 |
| 100 ## - ДАННЫЕ ОБЩЕЙ ОБРАБОТКИ | |
| Данные общей обработки | 20150616d2012 u y0rusy50 ca |
| 101 1# - ЯЗЫК РЕСУРСА | |
| Язык текста, звукозаписи и т.д. | русский |
| Язык оригинала | немецкий |
| 102 ## - СТРАНА ПУБЛИКАЦИИ ИЛИ ПРОИЗВОДСТВА | |
| Страна публикации | Российская Федерация |
| 105 ## - ПОЛЕ КОДИРОВАННЫХ ДАННЫХ: ТЕКСТОВЫЕ МАТЕРИАЛЫ, МОНОГРАФИЧЕСКИЕ | |
| Кодированные данные о монографическом текстовом документе | ach|z|||001yy |
| 200 1# - ЗАГЛАВИЕ И СВЕДЕНИЯ ОБ ОТВЕТСТВЕННОСТИ | |
| Основное заглавие | Мировая история в свете Святого Грааля |
| Сведения, относящиеся к заглавию | великое девятое столетие |
| Первые сведения об ответственности | Вальтер Йоханнес Штайн |
| Последующие сведения об ответственности | [пер. с нем.: В. Микушевич] |
| 210 ## - ПУБЛИКАЦИЯ, РАСПРОСТРАНЕНИЕ И ДР. | |
| Место издания, распространения и т.д. | Москва |
| Имя издателя, распространителя и т. д. | Энигма |
| -- | ОДДИ-Стиль |
| Дата издания, распространения и т.д. | 2012 |
| 215 ## - ФИЗИЧЕСКАЯ ХАРАКТЕРИСТИКА | |
| Специфическое обозначение материала и объем | 475, [4] с. |
| Другие сведения о физической характеристике | ил., портр., факс. |
| Размеры | 21 |
| 300 ## - ОБЩИЕ ПРИМЕЧАНИЯ | |
| Текст примечания | Загл. и авт. ориг.: Weltgeschichte im Lichte des Heiligen Gral / Walter Johannes Stein |
| 300 ## - ОБЩИЕ ПРИМЕЧАНИЯ | |
| Текст примечания | На обороте тит. л. авт.: В.Й. Штайн, философ, преп. |
| 320 ## - ПРИМЕЧАНИЯ О НАЛИЧИИ В ДОКУМЕНТЕ БИБЛИОГРАФИИ / УКАЗАТЕЛЯ | |
| Текст примечания | Библиогр. в подстроч. примеч. |
| 454 #0 - ОРИГИНАЛ (ПЕРЕВОДА) | |
| Встроенное поле | 2001#$aWeltgeschichte im Lichte des Heiligen Gral$fWalter Johannes Stein |
| -- | 700#1$aStein$bW. J.$gWalter Johannes |
| Заглавие | Weltgeschichte im Lichte des Heiligen Gral |
| Автор | Stein, Walter Johannes |
| 500 10 - УНИФИЦИРОВАННОЕ ЗАГЛАВИЕ | |
| Унифицированное заглавие | История святого Грааля |
| Системный номер авторитетной/нормативной записи | 2635983 |
| Идентификатор авторитетной / нормативной записи | RU\NLR\AUTH\5504997 |
| 605 ## - ЗАГЛАВИЕ КАК ПРЕДМЕТ | |
| Начальный элемент ввода | "Грааль" |
| Сведения, относящиеся к заглавию / сведения о виде, жанре, характере документа | западноевропейская средневековая легенда о таинственной чаше |
| Идентификатор авторитетной/нормативной записи | RU\NLR\AUTH\661492059 |
| Системный номер авторитетной/нормативной записи | 2517593 |
| 606 ## - НАИМЕНОВАНИЕ ТЕМЫ КАК ПРЕДМЕТ | |
| Наименование темы | Средние века |
| Тематический подзаголовок | История |
| Системный номер авторитетной/нормативной записи | 911240 |
| Идентификатор авторитетной/нормативной записи | RU\NLR\AUTH\6613108 |
| 686 1# - ИНДЕКСЫ ДРУГИХ КЛАССИФИКАЦИЙ | |
| Индекс | Э37-5 |
| 686 1# - ИНДЕКСЫ ДРУГИХ КЛАССИФИКАЦИЙ | |
| Индекс | Т3(0)4,02 |
| 700 #1 - ИМЯ ЛИЦА - ПЕРВИЧНАЯ ОТВЕТСТВЕННОСТЬ | |
| Начальный элемент ввода | Штайн |
| Часть имени, кроме начального элемента ввода | В.Й. |
| Расширение инициалов личного имени | Вальтер Йоханнес |
| 942 ## - ДОПОЛНИТЕЛЬНЫЕ ЭЛЕМЕНТЫ ЗАПИСИ (АБИС) | |
| Тип экземпляра АБИС | Книга |
| 980 ## - КОЛЛЕКЦИЯ | |
| Название коллекции | НБР |
Нет доступных экземпляров.